Fantasías y realidades del viaje a Madrid de la condesa D'Aulnoy / (Record no. 101041)
[ view plain ]
| 000 -LEADER | |
|---|---|
| campo de control de longitud fija | 00876nam a2200217 i 4500 |
| 001 - NÚMERO DE CONTROL | |
| campo de control | 101041 |
| 003 - IDENTIFICADOR DE NÚMERO DE CONTROL | |
| campo de control | ES-MaACL |
| 005 - FECHA Y HORA DE LA ÚLTIMA TRANSACCIÓN | |
| campo de control | 20231205173209.0 |
| 007 - CAMPO FIJO DE DESCRIPCIÓN FÍSICA--INFORMACIÓN GENERAL | |
| campo de control de longitud fija | t| |
| 008 - DATOS DE LONGITUD FIJA--INFORMACIÓN GENERAL | |
| campo de control de longitud fija | 051011s1943 sp ||||1| spa d |
| 100 1# - ENTRADA PRINCIPAL--NOMBRE DE PERSONA | |
| Nombre de persona | Maura Gamazo, Gabriel, |
| Títulos y otros términos asociados al nombre | Duque de Maura, |
| Fechas asociadas al nombre | 1879-1963 |
| 9 (RLIN) | 79221 |
| 245 10 - MENCIÓN DEL TÍTULO | |
| Título | Fantasías y realidades del viaje a Madrid de la condesa D'Aulnoy / |
| Mención de responsabilidad, etc. | criticado históricamente por el Duque de Maura y Agustín González Amezúa. |
| 260 ## - PUBLICACIÓN, DISTRIBUCIÓN, ETC. | |
| Lugar de publicación, distribución, etc. | Madrid : |
| Nombre del editor, distribuidor, etc. | Saturnino Calleja, |
| Fecha de publicación, distribución, etc. | [1943?] |
| 300 ## - DESCRIPCIÓN FÍSICA | |
| Extensión | XXI, 368 p., 15 lám. ; |
| Dimensiones | 20 cm. |
| 600 04 - PUNTO DE ACCESO ADICIONAL DE MATERIA--NOMBRE DE PERSONA | |
| Nombre de persona | Aulnoy, Marie-Catherine Le Jumel de Barnreville |
| Títulos y otros términos asociados al nombre | Baronne d'. |
| 9 (RLIN) | 23913 |
| 651 #4 - PUNTO DE ACCESO ADICIONAL DE MATERIA--NOMBRE GEOGRÁFICO | |
| Nombre geográfico | España- |
| Subdivisión general | Usos y costumbres- |
| Subdivisión cronológica | S.XVII. |
| 9 (RLIN) | 8524 |
| 651 #4 - PUNTO DE ACCESO ADICIONAL DE MATERIA--NOMBRE GEOGRÁFICO | |
| Nombre geográfico | España- |
| Subdivisión general | Historia- |
| Subdivisión cronológica | 1665-1700, Carlos II. |
| 9 (RLIN) | 8236 |
| 700 1# - ENTRADA AGREGADA--NOMBRE PERSONAL | |
| Nombre de persona | Amezúa y Mayo, Agustín G. de, |
| Fechas asociadas al nombre | 1881-1956 |
| 9 (RLIN) | 21219 |
| 852 ## - LOCALIZACIÓN | |
| Ubicación | ES-MaACL |
| Número de control de estantería | B-3346 |
| Estatus retirado | Estado de pérdida | Estado de daño | No para préstamo | Biblioteca de origen | Biblioteca actual | Ubicación en estantería | Fecha de adquisición | Fuente de adquisición | Total de préstamos | Signatura topográfica completa | Código de barras | Visto por última vez | Precio de reemplazo | Tipo de ítem Koha |
|---|---|---|---|---|---|---|---|---|---|---|---|---|---|---|
| Biblioteca del Ateneo de Madrid | Biblioteca del Ateneo de Madrid | Sala Pardo Bazán | 17/01/2008 | B-3346 | 1105494 | 23/02/2023 | 23/02/2023 | Libro impreso |
